01424 a2200181 45000010006000000050017000060080041000230030015000640400040000790800046001192450042001652500012002072640033002193000023002525050930002750410008012051000029012134601520260407155733.0260407a1963 arg spa dAR-UNSa-BCEJYS aAR-UNSa-BCEJYSbspacAR-UNSa-BCEJYS a101xNaturaleza y papel de la filosofía10aLecciones preliminares de filosofía a9a. ed. 1aBuenos Aires :bLosadac1963 aix, 409 p.c20 cm. a1. El conjunto de la filosofía – 2. El método de la filosofía – 3. La intuición como método de la filosofía – 4. Ingreso en la ontología – 5. La metafísica de Parménides – 6. El realismo de las ideas en plantón – 7. El realismo aristotélico – 8. La metafísica realista – 9. Origen del idealismo – 10. El sistema de descartes – 11. Fenomenología del conocimiento – 12. El empirismo inglés – 13. El racionalismo – 14. La metafísica del racionalismo – 15. El problema del idealismo trascendental – 16. La estética trascendental – 17. La estética trascendental (2ª parte) – 18. Analítica trascendental – 19. Dialéctica trascendental – 20. Fundamentos morales de la metafísica – 21. El idealismo después de Kant – 22. Entrada en la ontología – 23. De lo real y lo ideal – 24. Ontología de los valores – 25. Ontología de la vida.  aspa1 aGarcía Morente, Manuel